Statistics for Квиз о Нигеру (држави)

Click here to take the quiz!

General Stats

  • This quiz has been taken 11 times
  • The average score is 10 of 16

Answer Stats

ОписОдговор% Correct
Велика пустиња која прекрива 80% НигераСахара
100%
Велика река која протиче кроз главни градНигер
100%
Држава чија застава подсећа на заставу Нигера:
Индија
100%
Највећа држава са којом се Нигер граничиАлжир
89%
Најмногољуднија држава са којом се Нигер граничиНигерија
89%
Званичан језикФранцуски
78%
Велико, плитко језеро које Нигер дели са још четири државеЧад
78%
Просечна становница Нигера има 6.9 ____, што је највећи просек у светуДеце
78%
Главни градНијамеј
67%
Сектор економије у коме ради 82% НигерацаПољопривреда
67%
Проценат становништва исламске вероисповести (заокружи на најближи цели број)99%
56%
Назив за полусушно подручје у коме се налази већи део НигераСахел
44%
Хемијски елемент жуте боје који чини 91% извоза НигераУранијум
22%
Валута коју Нигер дели са још седам државаЦФА {франак}
22%
Највећа етничка група (почиње на Х)Хауса
11%
Царство које је владало овом регијом 1464–1591Сонгај
0%

Score Distribution

Percentile by Number Answered

Percent of People with Each Score

Your Score History

You have not taken this quiz